| 000 | 005870000a22001810004500 | ||
|---|---|---|---|
| 003 | MACL | ||
| 005 | 20250326131347.0 | ||
| 008 | 160324b xxu||||| |||| 00| 0 eng d | ||
| 040 |
_aMACL _cMACL |
||
| 041 | _aHindi | ||
| 082 | _a200 | ||
| 100 |
_aडॉ कुसूम शाह _948353 |
||
| 245 | _aकाका कालेलकर ग्रंथावली | ||
| 260 |
_bगांधी हिन्दुस्तानी साहित्य सभा _c1999 _aदिल्ली |
||
| 350 | _a250 | ||
| 650 |
_aरचनावली _948354 |
||
| 942 |
_cHIN _2ddc |
||
| 999 |
_c12679 _d12679 |
||